| 000 | 00545nam a2200217Ia 4500 | ||
|---|---|---|---|
| 003 | OSt | ||
| 005 | 20220928141519.0 | ||
| 006 | a|||||r|||| 00| 0 | ||
| 007 | ta | ||
| 008 | 220927b |||||||| |||| 00| 0 eng d | ||
| 024 | _a15666 | ||
| 037 | _cTextual | ||
| 040 |
_aSDCL _cSDCL _beng |
||
| 041 |
_2eng _aeng |
||
| 082 | _aWxC7,1, N8 | ||
| 100 |
_aVasharnaya Chandragupt _9500686 |
||
| 245 | 0 | _aChanakaya sutra Pradeep | |
| 260 | _c1998 | ||
| 942 |
_hWxC7,1, N8 _cTEXL _2CC |
||
| 999 |
_c818056 _d818056 |
||